[Event "Niederbayern-ch"]
[Site "Mamming"]
[Date "2010.06.06"]
[Round "7"]
[White "Schubert, Heinz"]
[Black "Reich, Christian"]
[Result "0-1"]
[WhiteElo "1505"]
[BlackElo "1564"]
[PlyCount "44"]
[EventDate "2010.06.03"]
[EventType "swiss"]
[EventRounds "7"]
[EventCountry "GER"]
[SourceTitle "EXT 2023"]
[Source "ChessBase"]
[SourceDate "2022.10.05"]
[SourceVersion "1"]
[SourceVersionDate "2022.10.05"]
[SourceQuality "1"]

1. e4 c5 2. Nf3 Nc6 3. d4 cxd4 4. Nxd4 e5 5. Nxc6 bxc6 6. Bc4 Nf6 7. Bd3 h6 8. Bd2 Bc5 9. h3 0-0 10. Qe2 Re8 11. Nc3 d5 12. f3 Nh5 13. 0-0-0 Ng3 14. Qe1 Nxh1 15. Qxh1 d4 16. Na4 Bd6 17. Bc4 Be6 18. Bxe6 Rxe6 19. Rf1 Qc7 20. g4 g5 21. Be1 Kg7 22. Qg2 Qb7 0-1

[Event "Niederbayern-ch"]
[Site "Mamming"]
[Date "2010.06.03"]
[Round "2"]
[White "Oberberger, Hans"]
[Black "Schubert, Heinz"]
[Result "1/2-1/2"]
[WhiteElo "1636"]
[BlackElo "1505"]
[PlyCount "76"]
[EventDate "2010.06.03"]
[EventType "swiss"]
[EventRounds "7"]
[EventCountry "GER"]
[SourceTitle "EXT 2023"]
[Source "ChessBase"]
[SourceDate "2022.10.05"]
[SourceVersion "1"]
[SourceVersionDate "2022.10.05"]
[SourceQuality "1"]

1. d4 d5 2. Nf3 Nf6 3. Bf4 e6 4. e3 Nbd7 5. Be2 c5 6. 0-0 c4 7. c3 Be7 8. h3 Nb6 9. Nbd2 h6 10. Qc2 0-0 11. Ne5 Nbd7 12. f3 Nxe5 13. Bxe5 Bd6 14. f4 Bxe5 15. fxe5 Nh7 16. b3 b5 17. Nf3 Ng5 18. Rae1 Nxf3+ 19. Rxf3 f5 20. exf6 Rxf6 21. Rxf6 Qxf6 22. e4 Qg6 23. Kh2 Bb7 24. Bf3 Rf8 25. Qe2 Qf6 26. e5 Qf4+ 27. Kg1 Qg3 28. Rf1 Bc6 29. Rf2 Be8 30. bxc4 bxc4 31. Bg4 Bd7 32. Rxf8+ Kxf8 33. Qf2+ Qxf2+ 34. Kxf2 a5 35. Kg3 g6 36. h4 Kg7 37. Kf4 Kf7 38. Bd1 Kg7 1/2-1/2

[Event "Niederbayern-ch Seniors 50th"]
[Site "Teisnach"]
[Date "2009.??.??"]
[Round "7"]
[White "Heyne, Werner"]
[Black "Schubert, Heinz"]
[Result "1/2-1/2"]
[WhiteElo "1474"]
[BlackElo "1505"]
[PlyCount "40"]
[EventDate "2009.??.??"]
[EventType "swiss"]
[EventRounds "7"]
[EventCountry "GER"]
[SourceTitle "EXT 2011"]
[Source "ChessBase"]
[SourceDate "2010.11.26"]
[SourceVersion "1"]
[SourceVersionDate "2010.11.26"]
[SourceQuality "1"]

1. c4 e6 2. Nc3 Nf6 3. g3 c6 4. Bg2 d5 5. cxd5 exd5 6. d4 h6 7. Nf3 Nbd7 8. a3 Bd6 9. 0-0 0-0 10. Nd2 Re8 11. e4 dxe4 12. Ndxe4 Nxe4 13. Nxe4 Nf6 14. Nxd6 Qxd6 15. Be3 Nd5 16. Qb3 Re7 17. Bxd5 Qxd5 18. Qxd5 cxd5 19. Rac1 Be6 20. Rc3 Rc8 1/2-1/2

[Event "Niederbayern-ch Seniors 50th"]
[Site "Teisnach"]
[Date "2009.??.??"]
[Round "6"]
[White "Schubert, Heinz"]
[Black "Hilmer, Karl"]
[Result "1/2-1/2"]
[WhiteElo "1505"]
[BlackElo "1503"]
[PlyCount "42"]
[EventDate "2009.??.??"]
[EventType "swiss"]
[EventRounds "7"]
[EventCountry "GER"]
[SourceTitle "EXT 2011"]
[Source "ChessBase"]
[SourceDate "2010.11.26"]
[SourceVersion "1"]
[SourceVersionDate "2010.11.26"]
[SourceQuality "1"]

1. e4 e5 2. Nf3 Nc6 3. Bc4 Nd4 4. Nxd4 exd4 5. d3 d6 6. h3 Be6 7. Bxe6 fxe6 8. 0-0 g6 9. Nd2 Qd7 10. Nf3 e5 11. Nh2 h5 12. f4 0-0-0 13. f5 Bh6 14. fxg6 Bxc1 15. Rxc1 Qg7 16. Qf3 Qxg6 17. Qf5+ Qxf5 18. Rxf5 Ne7 19. Rf6 Kd7 20. Rcf1 Rdg8 21. Rf7 Rg3 1/2-1/2

[Event "Niederbayern-ch Seniors 49th"]
[Site "Vilshofen"]
[Date "2008.??.??"]
[Round "4"]
[White "Schubert, Heinz"]
[Black "Guthke, Horst"]
[Result "1/2-1/2"]
[WhiteElo "1511"]
[BlackElo "1281"]
[PlyCount "105"]
[EventDate "2008.??.??"]
[EventType "swiss"]
[EventRounds "7"]
[EventCountry "GER"]
[SourceTitle "EXT 2010"]
[Source "ChessBase"]
[SourceDate "2010.11.25"]
[SourceVersion "1"]
[SourceVersionDate "2010.11.25"]
[SourceQuality "1"]

1. e4 c5 2. Nf3 g6 3. c3 Bg7 4. d4 cxd4 5. Nxd4 Nc6 6. Nxc6 bxc6 7. Bc4 e6 8. 0-0 Rb8 9. Qc2 Bb7 10. Be3 a5 11. Nd2 Nh6 12. f3 0-0 13. Rfd1 Qc7 14. Nb3 Be5 15. Bxh6 Bxh2+ 16. Kf1 Rfd8 17. Bg5 f6 18. Be3 Bg3 19. Bf2 h5 20. Bxg3 Qxg3 21. Qf2 h4 22. Qxg3 hxg3 23. Nc5 d5 24. Nxb7 Rxb7 25. exd5 cxd5 26. Rd2 Rh7 27. Ke2 Rh2 28. Rg1 f5 29. Kf1 Kg7 30. Bb5 Rb8 31. a4 Kf6 32. Re2 Rbh8 33. Bd7 e5 34. Bb5 Rc8 35. Rd2 d4 36. c4 g5 37. b3 Rd8 38. c5 e4 39. fxe4 fxe4 40. Ke2 Ke5 41. c6 Rc8 42. Kd1 d3 43. Kc1 Kd4 44. Kb2 Rh7 45. Rf1 Ke3 46. Rfd1 Rf7 47. Rxd3+ exd3 48. Rxd3+ Kf2 49. Bc4 Re7 50. Bd5 Rcc7 51. Rd2+ Ke3 52. Rd1 Kf2 53. Rd2+ 1/2-1/2

[Event "GER KF-35 Class1 B4 email"]
[Site "GER email"]
[Date "2007.??.??"]
[Round "?"]
[White "Maczkowiak, Thomas"]
[Black "Schubert, Heinz"]
[Result "1/2-1/2"]
[WhiteElo "1640"]
[BlackElo "1871"]
[PlyCount "58"]
[EventDate "2007.??.??"]
[EventType "tourn (corr)"]
[EventRounds "6"]
[EventCountry "GER"]
[SourceTitle "Corr 2008"]
[Source "ChessBase"]
[SourceDate "2008.06.24"]
[SourceVersion "1"]
[SourceVersionDate "2008.06.24"]
[SourceQuality "1"]

1. Nf3 d5 2. g3 Nf6 3. Bg2 e6 4. 0-0 Be7 5. d3 0-0 6. Nbd2 c5 7. e4 Nc6 8. Re1 Qc7 9. e5 Ng4 10. Qe2 a5 11. h3 Nh6 12. Nf1 Nf5 13. c3 Bd8 14. Bf4 b6 15. Ne3 Nxe3 16. Qxe3 a4 17. b4 cxb4 18. cxb4 Nxb4 19. Rec1 Qb7 20. Rab1 Nc6 21. Bf1 Bd7 22. d4 Na5 23. Bd3 Rc8 24. Ng5 Rxc1+ 25. Rxc1 Bxg5 26. Bxg5 Rc8 27. Bh6 Rxc1+ 28. Qxc1 gxh6 29. Qxh6 f5 1/2-1/2

[Event "Niederbayernliga 0607"]
[Site "Germany"]
[Date "2007.??.??"]
[Round "6.8"]
[White "Roth, Peter2222"]
[Black "Schubert, Heinz"]
[Result "1-0"]
[WhiteElo "1899"]
[BlackElo "1552"]
[PlyCount "115"]
[EventDate "2006.??.??"]
[EventType "team"]
[EventRounds "9"]
[EventCountry "GER"]
[SourceTitle "EXT 2008"]
[Source "ChessBase"]
[SourceDate "2007.11.25"]
[SourceVersion "1"]
[SourceVersionDate "2007.11.25"]
[SourceQuality "1"]
[WhiteTeam "Deggendorf"]
[BlackTeam "Geiselhoering"]
[WhiteTeamCountry "GER"]
[BlackTeamCountry "GER"]

1. e4 e6 2. d4 d5 3. Nd2 dxe4 4. Nxe4 Nf6 5. Nxf6+ Qxf6 6. Nf3 Qd8 7. Bd3 Be7 8. 0-0 Nd7 9. Qe2 Nf6 10. c4 b6 11. b3 Bb7 12. Bb2 0-0 13. Rad1 Qc8 14. d5 Bd8 15. dxe6 Qxe6 16. Qxe6 fxe6 17. Ng5 Bc8 18. Rfe1 Ng4 19. Ne4 Bf6 20. Nxf6+ Nxf6 21. f3 c5 22. Be5 Kf7 23. Bc2 Bb7 24. Rd2 Rad8 25. Red1 Rxd2 26. Rxd2 h6 27. Kf2 Re8 28. Ke3 Bc6 29. h4 Re7 30. Rd8 Re8 31. Rd6 Rc8 32. Rd2 Ke7 33. Bd6+ Kf7 34. Be5 Ke7 35. g4 Rd8 36. Rxd8 Kxd8 37. g5 hxg5 38. hxg5 Ne8 39. Bg6 Ke7 40. Bb8 Nd6 41. Bxa7 Nc8 42. Bb8 Nd6 43. Bxd6+ Kxd6 44. Be4 Be8 45. Kf4 g6 46. Ba8 Bd7 47. a3 Be8 48. Ke4 Bd7 49. f4 Be8 50. Ke3 Bd7 51. Be4 Be8 52. b4 cxb4 53. axb4 Bf7 54. Kd4 Be8 55. c5+ bxc5+ 56. bxc5+ Ke7 57. Ke5 Bf7 58. Bc6 1-0

[Event "GER KF-35 Class1 B4 email"]
[Site "GER email"]
[Date "2007.??.??"]
[Round "?"]
[White "Schubert, Heinz"]
[Black "Petersen, Wolfgang"]
[Result "1-0"]
[WhiteElo "1871"]
[BlackElo "1863"]
[PlyCount "47"]
[EventDate "2007.??.??"]
[EventType "tourn (corr)"]
[EventRounds "6"]
[EventCountry "GER"]
[SourceTitle "Corr 2008"]
[Source "ChessBase"]
[SourceDate "2008.06.24"]
[SourceVersion "1"]
[SourceVersionDate "2008.06.24"]
[SourceQuality "1"]

1. e4 b6 2. d4 Bb7 3. Nc3 e6 4. Nf3 Bb4 5. Bd3 c5 6. 0-0 cxd4 7. Nb5 a6 8. Nbxd4 Nc6 9. c3 Bd6 10. Nxc6 Bxc6 11. Re1 f6 12. Nd4 Bb7 13. Be3 Qc7 14. Qh5+ g6 15. Qh4 0-0-0 16. a4 f5 17. a5 f4 18. axb6 Qxb6 19. Bxf4 e5 20. Be3 Bc5 21. Qg5 Nf6 22. b4 Bxd4 23. cxd4 exd4 24. Rec1+ 1-0

[Event "Niederbayern-ch Seniors 48th"]
[Site "Ortenburg"]
[Date "2007.??.??"]
[Round "4"]
[White "Zorn, Guenter"]
[Black "Schubert, Heinz"]
[Result "1/2-1/2"]
[WhiteElo "1428"]
[BlackElo "1523"]
[PlyCount "36"]
[EventDate "2007.??.??"]
[EventType "swiss"]
[EventRounds "7"]
[EventCountry "GER"]
[SourceTitle "EXT 2010"]
[Source "ChessBase"]
[SourceDate "2010.11.25"]
[SourceVersion "1"]
[SourceVersionDate "2010.11.25"]
[SourceQuality "1"]

1. d4 d5 2. Nf3 Nf6 3. c4 e6 4. Nc3 Nbd7 5. e3 dxc4 6. Bxc4 c6 7. a3 Nd5 8. Bd2 Be7 9. Nxd5 exd5 10. Bd3 Nf6 11. Bc3 Bg4 12. Be2 Ne4 13. h3 Bh5 14. Rc1 Bd6 15. Nd2 Bxe2 16. Qxe2 Nxc3 17. Rxc3 0-0 18. 0-0 f5 1/2-1/2

[Event "Niederbayern-ch Seniors 46th"]
[Site "Vilshofen"]
[Date "2005.??.??"]
[Round "1"]
[White "Schmidbauer, Franz"]
[Black "Schubert, Heinz"]
[Result "1-0"]
[WhiteElo "1906"]
[BlackElo "1578"]
[PlyCount "66"]
[EventDate "2005.03.29"]
[EventType "swiss"]
[EventRounds "7"]
[EventCountry "GER"]
[SourceTitle "EXT 2007"]
[Source "ChessBase"]
[SourceDate "2006.11.23"]
[SourceVersion "1"]
[SourceVersionDate "2006.11.23"]
[SourceQuality "1"]

1. e4 e6 2. d3 d5 3. Nd2 dxe4 4. dxe4 Bc5 5. Ngf3 Nc6 6. Bd3 Nge7 7. a3 Ng6 8. Nc4 a6 9. b4 Ba7 10. h4 b5 11. Nb2 Nge5 12. Nxe5 Nxe5 13. Qe2 Nxd3+ 14. Nxd3 Bd4 15. Rb1 Bc3+ 16. Kf1 Bf6 17. h5 Bb7 18. Qg4 Kf8 19. Be3 Qe8 20. e5 Be7 21. h6 g6 22. f3 Rd8 23. Kf2 Qc6 24. Nc5 Rd5 25. Rbd1 Ke8 26. f4 Bxc5 27. Bxc5 Qd7 28. Rxd5 Bxd5 29. Rd1 c6 30. a4 Qb7 31. axb5 cxb5 32. Qg5 Qd7 33. Qf6 Rf8 1-0

[Event "Niederbayern-ch Seniors 46th"]
[Site "Vilshofen"]
[Date "2005.??.??"]
[Round "7"]
[White "Schubert, Heinz"]
[Black "Schmitz, Wilfried"]
[Result "1/2-1/2"]
[WhiteElo "1578"]
[BlackElo "1410"]
[PlyCount "28"]
[EventDate "2005.03.29"]
[EventType "swiss"]
[EventRounds "7"]
[EventCountry "GER"]
[SourceTitle "EXT 2007"]
[Source "ChessBase"]
[SourceDate "2006.11.23"]
[SourceVersion "1"]
[SourceVersionDate "2006.11.23"]
[SourceQuality "1"]

1. e4 c5 2. Nf3 d6 3. c3 Nf6 4. e5 dxe5 5. Nxe5 e6 6. Bb5+ Bd7 7. Qa4 Bd6 8. Nxd7 Nbxd7 9. d4 a6 10. Bxd7+ Qxd7 11. Qxd7+ Nxd7 12. Be3 0-0 13. Nd2 cxd4 14. Bxd4 Be5 1/2-1/2

[Event "Niederbayern-ch Seniors 46th"]
[Site "Vilshofen"]
[Date "2005.??.??"]
[Round "4"]
[White "Schubert, Heinz"]
[Black "Zacharias, Hans Albert"]
[Result "1/2-1/2"]
[WhiteElo "1578"]
[BlackElo "1450"]
[PlyCount "41"]
[EventDate "2005.03.29"]
[EventType "swiss"]
[EventRounds "7"]
[EventCountry "GER"]
[SourceTitle "EXT 2007"]
[Source "ChessBase"]
[SourceDate "2006.11.23"]
[SourceVersion "1"]
[SourceVersionDate "2006.11.23"]
[SourceQuality "1"]

1. e4 c5 2. Nf3 d6 3. d4 cxd4 4. Nxd4 a6 5. Nc3 e6 6. Be2 Nf6 7. 0-0 Be7 8. Kh1 0-0 9. f4 e5 10. fxe5 dxe5 11. Nf3 Qxd1 12. Rxd1 Nbd7 13. Bd3 Bc5 14. h3 h6 15. Re1 b5 16. Be3 Bb7 17. Bxc5 Nxc5 18. b4 Nxd3 19. cxd3 Rac8 20. Rac1 Rfe8 21. Ne2 1/2-1/2